000 nam a22 7a 4500
999 _c8005
_d8005
008 171121b xxu||||| |||| 00| 0 eng d
100 _aGreat Britan
_94459
245 _aThe Forgetful Squirrel
260 _aCliffton
_c1999